Normal view
MARC view
- Weiten, Wayne
Entry Personal Name
001 - CONTROL NUMBER
- control field: 114153
003 - CONTROL NUMBER IDENTIFIER
- control field: NUST
005 - DATE AND TIME OF LATEST TRANSACTION
- control field: 20230816145515.0
008 - FIXED-LENGTH DATA ELEMENTS
- fixed length control field: 230816|| aca||aabn | a|a d
040 ## - CATALOGING SOURCE
- Original cataloging agency: NUST
- Transcribing agency: NUST
100 ## - HEADING--PERSONAL NAME
- Personal name: Weiten, Wayne
670 ## - SOURCE DATA FOUND
- Source citation: Work cat.: (NUST): Weiten, Wayne, Psychology: Themes and Variations, 2022
